[Event "21st ch-EUR Indiv w 2021"]
[Site "Iasi ROU"]
[Date "2021.08.19"]
[Round "10.1"]
[White "Buksa, Nataliya"]
[Black "Osmak, Iulija"]
[Result "1/2-1/2"]
[WhiteTitle "IM"]
[BlackTitle "IM"]
[WhiteElo "2413"]
[BlackElo "2418"]
[WhiteFideId "14123622"]
[BlackFideId "14101602"]
[EventDate "2021.08.09"]

1. e4 c6 2. d4 d5 3. e5 Bf5 4. Nf3 e6 5. Be2 a5 6. O-O Nd7 7. Nbd2 a4 8. c3 h6
9. Ne1 Ne7 10. f4 c5 11. dxc5 Nc6 12. Bd3 Bxc5+ 13. Kh1 Bxd3 14. Nxd3 O-O 15.
Nf3 f5 16. exf6 Qxf6 17. Nxc5 Nxc5 18. Be3 Ne4 19. a3 Qg6 20. Kg1 b5 21. Qe2
Rab8 22. Rae1 Qh5 23. Qd3 Rf6 24. Nd2 Nd6 25. Nf3 Nc4 26. Bc1 Rbf8 27. Rf2 Qg6
28. Qd1 Qg4 29. Rfe2 Kh8 30. Qd3 Qf5 31. Qd1 Qg4 32. Qd3 Qf5 33. Qxf5 exf5 34.
Be3 Re6 35. Bc5 Rxe2 36. Rxe2 Rf6 37. Bd4 Rd6 38. Re8+ Kh7 39. Bc5 Rf6 40. Ne5
Nxb2 41. Nd7 Rf7 42. Nf8+ Kg8 43. Rc8 Na7 44. Ra8 Nc6 45. Ne6+ Kh7 46. Nf8+ Kg8
47. Rc8 Na7 48. Ra8 Nc6 1/2-1/2

[Event "21st ch-EUR Indiv w 2021"]
[Site "Iasi ROU"]
[Date "2021.08.19"]
[Round "10.2"]
[White "Khotenashvili, Bela"]
[Black "Danielian, Elina"]
[Result "0-1"]
[WhiteTitle "GM"]
[BlackTitle "GM"]
[WhiteElo "2471"]
[BlackElo "2407"]
[WhiteFideId "13602640"]
[BlackFideId "13300210"]
[EventDate "2021.08.09"]

1. Nf3 c5 2. c4 Nf6 3. Nc3 e6 4. g3 b6 5. Bg2 Bb7 6. O-O Be7 7. Re1 d6 8. e4 O-O
9. d4 cxd4 10. Nxd4 Qc8 11. Be3 Rd8 12. Rc1 Nbd7 13. f4 Bf8 14. b3 a6 15. h3 Re8
16. Bf2 h6 17. Qd2 Qc7 18. g4 g6 19. Nde2 Rad8 20. Ng3 Qb8 21. Rcd1 Ba8 22. a4
Nc5 23. Qc2 Ncd7 24. Qd2 Nc5 25. Qc2 Ncd7 26. Qe2 Bg7 27. Rc1 Rc8 28. h4 Nc5 29.
b4 Ncd7 30. g5 hxg5 31. hxg5 Nh7 32. Be3 Qc7 33. Nd1 a5 34. bxa5 bxa5 35. Nc3
Nc5 36. Nb5 Qe7 37. Rcd1 Red8 38. Qd2 Nb3 39. Qa2 Nc5 40. Qd2 Nb3 41. Qa2 Nc5
42. Qa3 Bf8 43. Rxd6 Rxd6 44. Bxc5 Rxc5 45. Qxc5 Rd3 46. Qxe7 Bxe7 47. Ne2 e5
48. fxe5 Nxg5 49. Nf4 Bc5+ 50. Kh1 Rd2 51. Nd5 Bc6 52. Rb1 Kg7 53. Nd6 Bd4 54.
Nb7 Bxb7 55. Rxb7 Rd1+ 56. Bf1 Rxf1+ 57. Kg2 Rg1+ 58. Kh2 Nf3+ 59. Kh3 Bxe5 0-1

[Event "21st ch-EUR Indiv w 2021"]
[Site "Iasi ROU"]
[Date "2021.08.19"]
[Round "10.3"]
[White "Javakhishvili, Lela"]
[Black "Kiolbasa, Oliwia"]
[Result "0-1"]
[WhiteTitle "IM"]
[BlackTitle "WIM"]
[WhiteElo "2470"]
[BlackElo "2288"]
[WhiteFideId "13601458"]
[BlackFideId "1154613"]
[EventDate "2021.08.09"]

1. d4 d5 2. c4 e6 3. Nf3 Nf6 4. Nc3 Nbd7 5. cxd5 exd5 6. Bg5 c6 7. e3 Be7 8. Bd3
O-O 9. Qc2 h6 10. Bh4 Re8 11. O-O Ne4 12. Bxe7 Qxe7 13. Bxe4 dxe4 14. Nd2 Nf6
15. Rab1 Bf5 16. b4 Rac8 17. Qa4 b6 18. Rfc1 Red8 19. Ne2 h5 20. h3 h4 21. b5
cxb5 22. Qxb5 Nd5 23. Rxc8 Bxc8 24. Rc1 a6 25. Qb1 Bf5 26. Nc4 Rc8 27. Ne5 Rxc1+
28. Qxc1 Qb4 29. Kh2 Qd6 30. Kg1 Qb4 31. Kh2 Qd6 32. Kg1 f6 33. Nc4 Qc6 34. Nd2
Qxc1+ 35. Nxc1 a5 36. Kf1 a4 37. Ke1 b5 38. a3 g5 39. Na2 Bg6 40. Kd1 f5 41. Nb1
f4 42. Nbc3 f3 43. gxf3 Nxc3+ 44. Nxc3 exf3 45. e4 g4 46. Ke1 gxh3 0-1

[Event "21st ch-EUR Indiv w 2021"]
[Site "Iasi ROU"]
[Date "2021.08.19"]
[Round "10.4"]
[White "Narva, Mai"]
[Black "Daulyte-Cornette, Deimante"]
[Result "1-0"]
[WhiteTitle "WIM"]
[BlackTitle "IM"]
[WhiteElo "2276"]
[BlackElo "2408"]
[WhiteFideId "4500512"]
[BlackFideId "12802859"]
[EventDate "2021.08.09"]

1. e4 e5 2. Nf3 Nc6 3. Bb5 a6 4. Ba4 Bc5 5. O-O Nge7 6. c3 Ba7 7. d4 Ng6 8. d5
Nce7 9. c4 O-O 10. d6 cxd6 11. Qxd6 Bb8 12. Qd3 d6 13. Nc3 h6 14. Be3 f5 15.
Rfd1 fxe4 16. Qxe4 Nf5 17. c5 Kh7 18. Bc2 Qe8 19. cxd6 Bxd6 20. h4 Bb8 21. h5
Nge7 22. g4 g6 23. Ba4 Qf7 24. gxf5 gxf5 25. Qh4 Rg8+ 26. Kf1 Rg4 27. Qh1 Rxa4
28. Nxa4 Qc4+ 29. Kg1 Qxa4 30. Qh4 Qxh4 31. Nxh4 Bc7 32. Bc5 Nc6 33. Ng6 f4 34.
Bd6 Bxd6 35. Rxd6 Bg4 36. Re1 Rg8 37. Kh2 Bxh5 38. Nxe5 f3 39. Nxc6 Rg2+ 40. Kh3
Bg4+ 41. Kh4 1-0

[Event "21st ch-EUR Indiv w 2021"]
[Site "Iasi ROU"]
[Date "2021.08.19"]
[Round "10.5"]
[White "Milliet, Sophie"]
[Black "Batsiashvili, Nino"]
[Result "1-0"]
[WhiteTitle "IM"]
[BlackTitle "GM"]
[WhiteElo "2403"]
[BlackElo "2487"]
[WhiteFideId "623725"]
[BlackFideId "13602993"]
[EventDate "2021.08.09"]

1. e4 e5 2. Nf3 d6 3. d4 exd4 4. Nxd4 Nf6 5. Nc3 Be7 6. Bf4 O-O 7. Qd2 Nc6 8.
O-O-O Nxd4 9. Qxd4 Be6 10. e5 Ng4 11. exd6 Bf6 12. Qd2 Bxc3 13. bxc3 cxd6 14.
Bxd6 Qb6 15. c4 Rfd8 16. c5 Qc6 17. Qf4 Rac8 18. Bd3 b6 19. Be4 Qb5 20. Bb7 bxc5
21. Bxc8 Rxc8 22. Rhe1 Nf6 23. Be5 Ne8 24. a4 Qa6 25. Re3 c4 26. Rg3 g6 27. Bc3
Qc6 28. Re3 f6 29. Bxf6 Bf5 30. Bc3 Qxa4 31. Rd2 Qa3+ 32. Kd1 Qc5 33. g4 1-0

[Event "21st ch-EUR Indiv w 2021"]
[Site "Iasi ROU"]
[Date "2021.08.19"]
[Round "10.6"]
[White "Garifullina, Leya"]
[Black "Bodnaruk, Anastasia"]
[Result "1-0"]
[WhiteTitle "WGM"]
[BlackTitle "IM"]
[WhiteElo "2385"]
[BlackElo "2449"]
[WhiteFideId "34127035"]
[BlackFideId "4181751"]
[EventDate "2021.08.09"]

1. e4 c5 2. Nf3 Nf6 3. e5 Nd5 4. d4 cxd4 5. Qxd4 e6 6. a3 Nc6 7. Qe4 f5 8. Qe2
d6 9. c4 Nc7 10. Nc3 Nxe5 11. Nxe5 dxe5 12. Qxe5 Kf7 13. Bf4 Ne8 14. Rd1 Qb6 15.
Be2 Rg8 16. b4 Be7 17. c5 Qc6 18. O-O Bf6 19. Qe3 Bxc3 20. Bf3 Qb5 21. Qxc3 Nf6
22. a4 Qe8 23. c6 Nd5 24. Rxd5 exd5 25. Bxd5+ Be6 26. Bxe6+ Qxe6 27. cxb7 Rad8
28. b8=Q Rxb8 29. Bxb8 Rxb8 30. Qc7+ 1-0

[Event "21st ch-EUR Indiv w 2021"]
[Site "Iasi ROU"]
[Date "2021.08.19"]
[Round "10.7"]
[White "Sargsyan, Anna M."]
[Black "Arabidze, Meri"]
[Result "1/2-1/2"]
[WhiteTitle "WGM"]
[BlackTitle "IM"]
[WhiteElo "2388"]
[BlackElo "2438"]
[WhiteFideId "13308130"]
[BlackFideId "13604040"]
[EventDate "2021.08.09"]

1. d4 Nf6 2. c4 e6 3. Nf3 d5 4. Nc3 a6 5. cxd5 exd5 6. Qb3 Be7 7. Bg5 c6 8. Bxf6
Bxf6 9. e3 O-O 10. Bd3 Re8 11. O-O-O b5 12. Qc2 h6 13. e4 dxe4 14. Nxe4 Be6 15.
Rhe1 Nd7 16. Nd6 Re7 17. Kb1 Nb6 18. Ne4 Nd5 19. Nxf6+ Nxf6 20. Ne5 Qd5 21. b3
Rc7 22. f4 Qd6 23. f5 Bd5 24. g4 a5 25. Qc5 Qxc5 26. dxc5 Re8 27. Re2 Rce7 28.
Rde1 Kf8 29. Kc2 Be4 30. Rxe4 Nxe4 31. Nxc6 b4 32. Nxe7 Nxc5 33. Re5 Nd7 34.
Rxa5 Kxe7 35. Bc4 Kf6 36. h4 Re4 37. g5+ hxg5 38. Ra6+ Ke5 39. hxg5 Rg4 40. Ra5+
Kd6 41. g6 fxg6 42. fxg6 Rg2+ 43. Kd1 Nc5 44. Rb5 Rxa2 45. Rxb4 Rg2 46. Rb5 Kc6
47. b4 Na4 48. Ra5 1/2-1/2

[Event "21st ch-EUR Indiv w 2021"]
[Site "Iasi ROU"]
[Date "2021.08.19"]
[Round "10.8"]
[White "Badelka, Olga"]
[Black "Injac, Teodora"]
[Result "1/2-1/2"]
[WhiteTitle "IM"]
[BlackTitle "WGM"]
[WhiteElo "2418"]
[BlackElo "2370"]
[WhiteFideId "13509926"]
[BlackFideId "932400"]
[EventDate "2021.08.09"]

1. c4 e5 2. Nc3 Bb4 3. Nd5 a5 4. Nxb4 axb4 5. d3 d5 6. Nf3 Nc6 7. cxd5 Qxd5 8.
b3 Bg4 9. Bb2 Nf6 10. h3 Bxf3 11. gxf3 Nd4 12. Bg2 O-O 13. O-O Qd6 14. e3 Nf5
15. d4 exd4 16. e4 Nh4 17. Qxd4 Qf4 18. Qe3 Nh5 19. Rfd1 Ra6 20. Qxf4 Nxf4 21.
Bh1 f6 22. Bc1 Nxh3+ 23. Kf1 g5 24. Bg2 Nf4 25. Bxf4 gxf4 26. Rd7 Rfa8 27. Bh3
Rxa2 28. Rxa2 Rxa2 29. Rxc7 Nxf3 30. Rxb7 Ra1+ 31. Kg2 Nh4+ 32. Kh2 Nf3+ 33. Kg2
Ne1+ 34. Kh2 Nf3+ 35. Kg2 1/2-1/2

[Event "21st ch-EUR Indiv w 2021"]
[Site "Iasi ROU"]
[Date "2021.08.19"]
[Round "10.9"]
[White "Mammadova, Gulnar"]
[Black "Maltsevskaya, Aleksandra"]
[Result "1-0"]
[WhiteTitle "IM"]
[BlackTitle "WGM"]
[WhiteElo "2385"]
[BlackElo "2409"]
[WhiteFideId "13403508"]
[BlackFideId "24174041"]
[EventDate "2021.08.09"]

1. e4 c5 2. c3 Nf6 3. e5 Nd5 4. Nf3 Nc6 5. d4 cxd4 6. cxd4 d6 7. Bc4 e6 8. O-O
Be7 9. Qe2 O-O 10. Nc3 dxe5 11. dxe5 Nxc3 12. bxc3 b6 13. Qe4 Qc7 14. Bd3 g6 15.
Bh6 Rd8 16. Rfd1 Bb7 17. Qe3 Rd5 18. c4 Rc5 19. Re1 Nb4 20. Rac1 Nxd3 21. Qxd3
Rd8 22. Qe2 Bxf3 23. gxf3 Rd4 24. Be3 Rxe5 25. f4 Ree4 26. f3 Rxe3 27. Qxe3 Bc5
28. Kh1 Rxf4 29. Qd3 Rh4 30. Re2 Rd4 31. Qc3 Qd8 32. Rf1 Qh4 33. Rd2 Qh3 34. Rg2
a5 35. a4 Qh4 36. Rd2 Rxd2 37. Qxd2 Qxc4 38. Ra1 e5 39. Qg5 Qc3 40. Rf1 Kg7 41.
f4 Qc4 42. Qxe5+ f6 43. Qc7+ Kh6 44. Rf3 Qe4 45. Kg2 Qe2+ 46. Kg3 f5 47. Qe5
Bf2+ 48. Kg2 Be3+ 49. Kg3 Qe1+ 50. Kh3 Qg1 51. Rg3 Qf1+ 52. Rg2 Bxf4 53. Qe2 Qa1
54. Qe7 Qc3+ 55. Kh4 Qc8 56. Rc2 Qb8 57. Rc6 Qa8 58. Rxb6 Bd2 59. Rb7 Qh8 60.
Kh3 Bg5 61. Qc7 Bd2 62. Kg2 Qg8 63. Qf7 Qh8 64. Rb3 Bc3 65. Qc7 Qa8+ 66. Rb7 Be5
67. Qxh7+ Kg5 68. Qe7+ Kh5 69. Kh3 Bg3 70. hxg3 1-0

[Event "21st ch-EUR Indiv w 2021"]
[Site "Iasi ROU"]
[Date "2021.08.19"]
[Round "10.10"]
[White "Antova, Gabriela"]
[Black "Unuk, Laura"]
[Result "1/2-1/2"]
[WhiteTitle "FM"]
[BlackTitle "IM"]
[WhiteElo "2292"]
[BlackElo "2407"]
[WhiteFideId "2915235"]
[BlackFideId "14609215"]
[EventDate "2021.08.09"]

1. d4 Nf6 2. c4 e6 3. Nf3 d5 4. Nc3 Be7 5. Bf4 O-O 6. e3 b6 7. cxd5 Nxd5 8. Nxd5
Qxd5 9. Bd3 Qa5+ 10. Nd2 Ba6 11. Bxa6 Qxa6 12. Qe2 c5 13. Bxb8 Qxe2+ 14. Kxe2
Raxb8 15. dxc5 Bxc5 16. Ne4 Be7 17. Rac1 f5 18. Nd2 Rfc8 19. a4 Bf6 20. b3 Kf8
21. Rhd1 Ke7 22. e4 Bg5 23. exf5 exf5 24. Rxc8 Rxc8 25. Nc4 Rc5 26. g3 Bf6 27.
f4 g6 28. Rd3 b5 29. axb5 Rxb5 30. h3 h5 31. Kf3 Rc5 32. g4 hxg4+ 33. hxg4 g5
34. fxg5 fxg4+ 35. Kxg4 Rxg5+ 1/2-1/2

[Event "21st ch-EUR Indiv w 2021"]
[Site "Iasi ROU"]
[Date "2021.08.19"]
[Round "10.11"]
[White "Mammadzada, Gunay"]
[Black "Schulze, Lara"]
[Result "1-0"]
[WhiteTitle "IM"]
[BlackTitle "FM"]
[WhiteElo "2460"]
[BlackElo "2269"]
[WhiteFideId "13403729"]
[BlackFideId "12956830"]
[EventDate "2021.08.09"]

1. d4 Nf6 2. c4 e6 3. g3 c5 4. Nf3 cxd4 5. Nxd4 d5 6. Bg2 e5 7. Nf3 d4 8. O-O
Nc6 9. e3 Be7 10. exd4 exd4 11. Bf4 Be6 12. Ne5 Rc8 13. Nxc6 bxc6 14. Be5 c5 15.
Bb7 O-O 16. Bxc8 Qxc8 17. Bxf6 Bxf6 18. Nd2 Rd8 19. Ne4 Be7 20. Qd3 Qc6 21. Rfe1
a5 22. Rad1 a4 23. b3 h5 24. h4 Bg4 25. Rb1 a3 26. Kh2 Bc8 27. Qf3 Qd7 28. Qg2
Bb7 29. f3 Qc7 30. Rbd1 g6 31. Kg1 Qc6 32. Rd2 Kg7 33. Rde2 Rd7 34. Rf1 Bd8 35.
Qf2 Ba5 36. Rd1 Bd8 37. Kg2 f6 38. b4 cxb4 39. Rxd4 Rxd4 40. Qxd4 Bb6 41. c5 Bc7
42. Qxb4 Bd8 43. Qxa3 1-0

[Event "21st ch-EUR Indiv w 2021"]
[Site "Iasi ROU"]
[Date "2021.08.19"]
[Round "10.12"]
[White "Girya, Olga"]
[Black "Beydullayeva, Govhar"]
[Result "1/2-1/2"]
[WhiteTitle "WGM"]
[BlackTitle "WIM"]
[WhiteElo "2425"]
[BlackElo "2282"]
[WhiteFideId "4195752"]
[BlackFideId "13413015"]
[EventDate "2021.08.09"]

1. Nf3 Nf6 2. c4 e6 3. g3 d5 4. d4 dxc4 5. Bg2 Bb4+ 6. Bd2 a5 7. Qc1 Bxd2+ 8.
Qxd2 c6 9. a4 Ne4 10. Qc1 Na6 11. Na3 Nd6 12. Nxc4 Nxc4 13. Qxc4 Nb4 14. O-O O-O
15. Ne5 f6 16. Nd3 Nxd3 17. Qxd3 Qe7 18. Qb3 Kh8 19. f4 Rd8 20. e3 Qd6 21. Rac1
Bd7 22. Rc5 b6 23. Rc3 Rab8 24. Qc2 c5 25. dxc5 bxc5 26. b3 Be8 27. Rc1 Bg6 28.
Qf2 h6 29. Bf3 Rb6 30. h4 Qb8 31. h5 Bh7 32. Rxc5 Rxb3 33. Rxa5 Rb2 34. Qe1 Qb6
35. Rac5 Bf5 36. Qa5 Qxa5 37. Rxa5 Rdd2 38. Ra8+ Kh7 39. a5 Bh3 40. Rd1 Rf2 41.
Rb1 Ra2 42. Ra1 Rab2 43. Rb8 Rbd2 44. Be4+ Bf5 45. Bc6 Rfe2 46. Rb3 Bc2 47. Rc3
Bd1 48. Kf1 Rf2+ 49. Kg1 Rfe2 50. Kf1 Rf2+ 51. Kg1 Rfe2 1/2-1/2

[Event "21st ch-EUR Indiv w 2021"]
[Site "Iasi ROU"]
[Date "2021.08.19"]
[Round "10.13"]
[White "Sandu, Mihaela"]
[Black "Hoang, Thanh Trang"]
[Result "1-0"]
[WhiteTitle "WGM"]
[BlackTitle "GM"]
[WhiteElo "2263"]
[BlackElo "2404"]
[WhiteFideId "1204327"]
[BlackFideId "12400149"]
[EventDate "2021.08.09"]

1. c4 f5 2. b3 e5 3. Bb2 Nc6 4. Nc3 Nf6 5. g3 g6 6. Bg2 Bg7 7. e3 O-O 8. Nge2 d6
9. O-O e4 10. d3 exd3 11. Qxd3 Qe7 12. Nd5 Qf7 13. Nxf6+ Bxf6 14. Bxf6 Qxf6 15.
Nf4 Ne5 16. Qd5+ Nf7 17. Qd4 Qe5 18. Rfe1 c6 19. a4 a5 20. Rad1 Re8 21. Qd2 Qf6
22. h4 Bd7 23. b4 axb4 24. Qxb4 Reb8 25. a5 Qe5 26. Ra1 b5 27. Nd3 Qe8 28. c5 d5
29. Qd4 Qf8 30. Rec1 Qg7 31. Qf4 Qf6 32. a6 h6 33. Nb4 Qe5 34. Qd4 Ra7 35. f4
Qxd4 36. exd4 Nd8 37. Re1 Kf8 38. Re3 h5 39. Rae1 Nf7 40. Re7 Re8 41. Rxe8+ Bxe8
42. Re6 Nd8 43. Rd6 Ra8 44. Nxd5 Nf7 45. Nc7 Ra7 46. Nxe8 Nxd6 47. Nxd6 Rxa6 48.
d5 Ra1+ 49. Bf1 cxd5 50. Nxb5 Rc1 51. Nc7 d4 52. Ne6+ Ke7 53. Nxd4 Rxc5 54. Kf2
Rc3 55. Nf3 Kf6 56. Ne5 Rc2+ 57. Be2 Ra2 58. Kf3 Ra3+ 59. Bd3 Rb3 60. Ke3 Ra3
61. Kf3 Rb3 62. Kg2 Rb2+ 63. Kh3 Ra2 64. Bc4 Ra5 65. Be2 Rxe5 66. fxe5+ Kxe5 67.
Bd3 f4 68. g4 hxg4+ 69. Kxg4 Kf6 70. Be4 f3 71. Bxf3 Kg7 72. Kg5 Kh7 73. Be4 Kg7
74. Bd3 Kh7 75. h5 1-0

[Event "21st ch-EUR Indiv w 2021"]
[Site "Iasi ROU"]
[Date "2021.08.19"]
[Round "10.14"]
[White "Socko, Monika"]
[Black "Semenova, Elena1"]
[Result "1-0"]
[WhiteTitle "GM"]
[BlackTitle "WIM"]
[WhiteElo "2393"]
[BlackElo "2212"]
[WhiteFideId "1106619"]
[BlackFideId "24125148"]
[EventDate "2021.08.09"]

1. e4 e5 2. Nf3 Nc6 3. Bc4 Bc5 4. c3 Nf6 5. d4 exd4 6. cxd4 Bb4+ 7. Bd2 Bxd2+ 8.
Nbxd2 d5 9. exd5 Nxd5 10. O-O O-O 11. Rc1 Bf5 12. Re1 Nf6 13. Nb3 Be4 14. Ne5
Bd5 15. Bxd5 Qxd5 16. Rc5 Qd6 17. Nxc6 bxc6 18. Na5 Rfe8 19. Nxc6 Rxe1+ 20. Qxe1
Re8 21. Qc1 Re2 22. h3 Nd5 23. Ne5 f6 24. Qc4 Re1+ 25. Kh2 fxe5 26. Rxd5 Qe6 27.
Rd8+ Kf7 28. Rf8+ 1-0

[Event "21st ch-EUR Indiv w 2021"]
[Site "Iasi ROU"]
[Date "2021.08.19"]
[Round "10.15"]
[White "Zherebtsova, Alexandra"]
[Black "Tsolakidou, Stavroula"]
[Result "1/2-1/2"]
[WhiteTitle "WFM"]
[BlackTitle "IM"]
[WhiteElo "2188"]
[BlackElo "2389"]
[WhiteFideId "24129518"]
[BlackFideId "4264312"]
[EventDate "2021.08.09"]

1. c4 Nf6 2. Nc3 c6 3. d4 d5 4. cxd5 cxd5 5. Bf4 Nc6 6. e3 a6 7. Bd3 Bg4 8. Nge2
e6 9. Rc1 Bd6 10. f3 Bh5 11. O-O Bg6 12. Na4 Bxd3 13. Qxd3 Bxf4 14. Nxf4 O-O 15.
Nc5 Qe7 16. Rc3 Rfd8 17. Qd2 e5 18. Ne2 g6 19. Rfc1 Rd6 20. b3 Re8 21. dxe5 Nxe5
22. Nd4 Rdd8 23. Na4 Qd6 24. Nc5 Rb8 25. Qf2 b5 26. Qg3 Kh8 27. Nd3 Nfd7 28. Nc6
Ra8 29. Ncxe5 Nxe5 30. Rc7 Qb6 31. Nxe5 Qxe3+ 32. Qf2 Qxe5 33. Rxf7 Rac8 34. Rf1
Kg8 35. Rd7 Re7 36. Rxe7 Qxe7 37. Qd4 Qc5 38. Qxc5 Rxc5 39. Rd1 b4 40. Rd2 Kf7
41. Kf2 Ke6 42. Ke3 a5 43. f4 a4 44. bxa4 Ra5 45. Rb2 Rxa4 46. Kd3 Kd6 47. g3
Ra7 48. Kd4 Ra4 49. Kd3 h5 50. Rc2 h4 51. Rb2 Ke6 52. g4 Ra3+ 53. Kd4 Rf3 54.
f5+ gxf5 55. gxf5+ Rxf5 56. Rxb4 Rf2 57. Rb6+ Kf5 58. Kxd5 Rxa2 59. Kd4 Kg4 60.
Ke3 Kh3 61. Rh6 Ra4 62. Kf3 Kxh2 63. Rg6 Ra8 64. Rh6 h3 65. Rg6 Ra2 66. Rg7 Rg2
67. Rb7 Kh1 68. Rb1+ Rg1 69. Rb2 h2 70. Ra2 Rb1 71. Kf2 Rc1 1/2-1/2

[Event "21st ch-EUR Indiv w 2021"]
[Site "Iasi ROU"]
[Date "2021.08.19"]
[Round "10.16"]
[White "Fataliyeva, Ulviyya"]
[Black "Peycheva, Gergana"]
[Result "0-1"]
[WhiteTitle "WGM"]
[BlackTitle "FM"]
[WhiteElo "2253"]
[BlackElo "2332"]
[WhiteFideId "13403052"]
[BlackFideId "2916711"]
[EventDate "2021.08.09"]

1. d4 d5 2. c4 e6 3. Nc3 Be7 4. cxd5 exd5 5. Bf4 Nf6 6. Nf3 O-O 7. e3 c5 8. dxc5
Nc6 9. Be2 Bxc5 10. O-O Be6 11. a3 Rc8 12. Rc1 Be7 13. Nd4 a6 14. Nxc6 Rxc6 15.
Bf3 Qa5 16. Qb3 b5 17. Rcd1 d4 18. Nd5 Nxd5 19. Bxd5 dxe3 20. fxe3 Bxd5 21. Rxd5
Qb6 22. Kh1 Bf6 23. e4 Re6 24. e5 Be7 25. Rd3 Qc6 26. Rc3 Qe4 27. Bg3 Rc6 28.
Rcf3 Qc4 29. Qe3 Bc5 30. Qd2 Be7 31. Rf4 Qe6 32. Qf2 h6 33. Qf3 Bg5 34. Rg4 Rc4
35. Rxc4 Qxc4 36. Be1 Rd8 37. Bc3 Rd3 38. Qf5 g6 39. Qf2 Bh4 40. Qg1 Be7 41. e6
Qxe6 42. Re1 Qd7 43. Qf1 Rd6 44. Qf3 Bf8 45. h3 Bg7 46. Bb4 Rd3 47. Qa8+ Kh7 48.
Qxa6 Rxh3+ 0-1

[Event "21st ch-EUR Indiv w 2021"]
[Site "Iasi ROU"]
[Date "2021.08.19"]
[Round "10.17"]
[White "Mkrtchyan, Mariam"]
[Black "Cosma, Elena-Luminita"]
[Result "1/2-1/2"]
[WhiteTitle "WFM"]
[BlackTitle "WGM"]
[WhiteElo "2093"]
[BlackElo "2311"]
[WhiteFideId "13310828"]
[BlackFideId "1201590"]
[EventDate "2021.08.09"]

1. Nf3 d5 2. g3 Nf6 3. Bg2 c5 4. O-O Nc6 5. d3 e6 6. Nbd2 Be7 7. e4 b5 8. exd5
exd5 9. c4 bxc4 10. dxc4 O-O 11. Re1 Bb7 12. cxd5 Nxd5 13. Ne4 h6 14. Be3 Nxe3
15. Rxe3 Qxd1+ 16. Rxd1 Rad8 17. Rc1 Nb4 18. Nxc5 Bxc5 19. Rxc5 Rd1+ 20. Bf1
Rfd8 21. a3 Nd3 22. Rc7 Ba8 23. Rxa7 Nxb2 24. Ne1 Bd5 25. Rc7 g5 26. Bb5 Rb1 27.
a4 Be6 28. Rc5 Ra1 29. Kg2 Nxa4 30. Bxa4 Rxa4 31. Rc2 Rd1 32. f3 h5 33. Kf2 g4
34. Re5 Raa1 35. f4 Kg7 36. Rce2 Kf6 37. Rc5 Bd5 38. Nc2 Bf3 39. Nxa1 Bxe2 40.
Nb3 Bf3 41. Rxh5 Rd3 42. Nc5 Rd2+ 43. Ke3 Re2+ 44. Kd3 Kg6 45. Rh8 Kg7 46. Rh4
f6 47. Nb3 Ra2 48. Nd4 Ra3+ 49. Kd2 Ra2+ 50. Kc3 Ra3+ 51. Kb4 Ra2 52. h3 Rh2 53.
Nf5+ Kf8 54. hxg4 Rxh4 55. gxh4 Bxg4 56. Ng3 Ke7 57. Kc5 Ke6 58. Kd4 Bd1 59. f5+
Kf7 60. Ke4 Kg7 61. Kf4 Kh6 62. Ne4 Kg7 63. Nf2 Be2 64. Ke3 Bh5 65. Kd4 Bf3 66.
Ke3 Bh5 67. Nd3 Bg4 68. Kf4 Be2 69. Nb4 Bd1 70. Nd5 Bh5 71. Ke4 Bg4 72. Ne3 Bh5
73. Kd5 Kf7 74. Kd6 Be2 75. Nd5 Bd3 76. Ne3 Be2 77. Nc2 Bd3 78. Nd4 Be4 79. Kd7
Bd3 80. Kc7 Bb1 81. Kc6 Be4+ 82. Kd6 Bb1 83. Kd5 Bd3 84. Kc5 Bb1 85. Kc4 Kg7 86.
Kd5 Kh6 87. Ke6 Kh5 88. Nf3 Be4 89. Nd2 Bd3 90. Kxf6 Kxh4 91. Nf3+ Kg3 92. Ne5
Bxf5 1/2-1/2

[Event "21st ch-EUR Indiv w 2021"]
[Site "Iasi ROU"]
[Date "2021.08.19"]
[Round "10.18"]
[White "Sedina, Elena"]
[Black "Zawadzka, Jolanta"]
[Result "0-1"]
[WhiteTitle "IM"]
[BlackTitle "WGM"]
[WhiteElo "2279"]
[BlackElo "2403"]
[WhiteFideId "812153"]
[BlackFideId "1122320"]
[EventDate "2021.08.09"]

1. e4 e5 2. Nf3 Nc6 3. Bc4 Nf6 4. d3 h6 5. c3 d6 6. Nbd2 g5 7. h3 Bg7 8. Nf1 d5
9. exd5 Nxd5 10. Qb3 Nce7 11. Ng3 O-O 12. Nh5 Qd6 13. Nd2 c6 14. Ne4 Qg6 15.
Nxg7 Kxg7 16. h4 f5 17. Ng3 g4 18. h5 Qf6 19. Qc2 b5 20. Bb3 a5 21. a4 Be6 22.
f3 gxf3 23. gxf3 Kh7 24. Qh2 Nf4 25. Bc2 Ned5 26. Ne2 Rfe8 27. Bxf4 exf4 28.
O-O-O Bf7 29. d4 bxa4 30. Bxa4 Qe6 31. Rd2 Ne3 32. Qxf4 Qa2 33. Bc2 Qa1+ 34. Bb1
Ba2 35. Qc7+ Kh8 36. Rdd1 Qxb1+ 37. Kd2 Qc2+ 38. Ke1 Qxd1+ 0-1

[Event "21st ch-EUR Indiv w 2021"]
[Site "Iasi ROU"]
[Date "2021.08.19"]
[Round "10.19"]
[White "Mkrtchian, Lilit"]
[Black "Mamedjarova, Zeinab"]
[Result "1-0"]
[WhiteTitle "IM"]
[BlackTitle "WGM"]
[WhiteElo "2388"]
[BlackElo "2272"]
[WhiteFideId "13300601"]
[BlackFideId "13401521"]
[EventDate "2021.08.09"]

1. c4 Nf6 2. Nc3 e6 3. e4 d5 4. e5 d4 5. exf6 dxc3 6. fxg7 cxd2+ 7. Bxd2 Bxg7 8.
Qb3 Nc6 9. Nf3 O-O 10. O-O-O Qe7 11. Bd3 e5 12. Be4 f5 13. Bxc6 bxc6 14. Bc3 e4
15. Bxg7 Qxg7 16. c5+ Kh8 17. Nd4 Bd7 18. g3 f4 19. Rd2 Rae8 20. gxf4 Rxf4 21.
Qc3 Re5 22. Re1 Qg5 23. h4 Qf6 24. Nb3 Re7 25. Rd4 Rf3 26. Re3 Rxf2 27. Nd2 Rg7
28. Nxe4 Rf1+ 29. Kc2 Bf5 30. Kb3 Qf7+ 31. Ka3 Bxe4 32. Rd8+ 1-0

[Event "21st ch-EUR Indiv w 2021"]
[Site "Iasi ROU"]
[Date "2021.08.19"]
[Round "10.20"]
[White "Salimova, Nurgyul"]
[Black "Muetsch, Annmarie"]
[Result "1/2-1/2"]
[WhiteTitle "IM"]
[BlackTitle "WIM"]
[WhiteElo "2382"]
[BlackElo "2259"]
[WhiteFideId "2915138"]
[BlackFideId "12971367"]
[EventDate "2021.08.09"]

1. e4 c5 2. Nf3 Nc6 3. Bb5 e5 4. O-O Bd6 5. c3 a6 6. Ba4 b5 7. Bb3 c4 8. Bc2 Nf6
9. d3 cxd3 10. Qxd3 Be7 11. Bg5 Nh5 12. Be3 Qc7 13. Nbd2 O-O 14. Rfd1 d6 15. a4
Rb8 16. axb5 axb5 17. Bb3 Na5 18. Ba2 Bd7 19. b4 Nc6 20. Bd5 h6 21. Nb3 Nf6 22.
h3 Nxd5 23. exd5 Nd8 24. Nxe5 dxe5 25. d6 Bxd6 26. Qxd6 Qxd6 27. Rxd6 Be6 28.
Nc5 Nb7 29. Nxe6 Nxd6 30. Nxf8 Rxf8 31. Bc5 Rd8 32. Ra5 Ne4 33. Rxb5 Nxc3 34.
Rb7 Ne4 35. Be3 f6 36. g4 Nd6 37. Ra7 Rb8 38. Ra6 Ne4 39. Bb6 Nc3 40. Bc5 Ne4
41. Rb6 Rxb6 42. Bxb6 Kf7 43. Kg2 Ke6 44. h4 g6 45. Be3 1/2-1/2

[Event "21st ch-EUR Indiv w 2021"]
[Site "Iasi ROU"]
[Date "2021.08.19"]
[Round "10.21"]
[White "Ciolacu, Alessia-Mihaela"]
[Black "Brunello, Marina"]
[Result "0-1"]
[WhiteTitle "WFM"]
[BlackTitle "IM"]
[WhiteElo "2241"]
[BlackElo "2379"]
[WhiteFideId "1252640"]
[BlackFideId "822590"]
[EventDate "2021.08.09"]

1. d4 d5 2. c4 c6 3. Nf3 Nf6 4. e3 Bf5 5. Nc3 e6 6. Nh4 Be4 7. f3 Bg6 8. Qb3 Qc7
9. Bd2 Be7 10. g3 O-O 11. Nxg6 hxg6 12. cxd5 cxd5 13. Rc1 Nc6 14. Kf2 Qd7 15. h4
Rab8 16. Ne2 Bd6 17. g4 e5 18. Bh3 Qd8 19. g5 Nh5 20. Bg4 exd4 21. exd4 Re8 22.
f4 Rxe2+ 23. Bxe2 Nxd4 24. Qd3 Nxe2 25. Qxe2 Qb6+ 26. Kf3 Qxb2 27. Rhe1 Qxa2 28.
Qe8+ Kh7 29. Qxb8 Bxb8 30. Re2 d4 31. Rc8 Qb3+ 32. Kf2 Qg3+ 33. Kf1 Qh3+ 34. Kf2
Qxc8 0-1